|
|
|
|
| LEADER |
00000nab a2200000 a 4500 |
| 001 |
vtls009315942 |
| 003 |
SK-MaSNL |
| 005 |
20260303054307.0 |
| 008 |
140402c2008 xo mr|p|||||||000 b|slo |
| 015 |
|
|
|a SNBRB2008/07
|2 snkbucl
|
| 038 |
|
|
|a SNKBUCL
|
| 040 |
|
|
|a SNKBUCL
|b slo
|c SNKBUCL
|e AACR2
|
| 041 |
0 |
|
|a slo
|
| 044 |
|
|
|a xo
|c SK
|
| 080 |
|
|
|a 284.1(437.6)
|2 1997
|
| 100 |
1 |
|
|a Midriak, Ján,
|d 1929-
|4 aut
|9 695740
|
| 245 |
1 |
0 |
|a Bohoslužobný poriadok ECAV na Slovensku
|b historický prierez
|c Ján Midriak
|
| 300 |
|
|
|b Fotogr.
|
| 500 |
|
|
|a Dokončenie
|
| 610 |
2 |
7 |
|a Evanjelická cirkev a. v. na Slovensku
|2 snkbucl
|9 1031867
|
| 650 |
0 |
7 |
|a bohoslužby
|2 snkbucl
|9 1999
|
| 650 |
0 |
7 |
|a bohoslužobný poriadok
|2 snkbucl
|9 1048051
|
| 650 |
0 |
7 |
|a dejiny
|2 snkbucl
|9 3825
|
| 773 |
0 |
|
|t Evanjelický posol spod Tatier
|g Roč. 98, č. 29-30 (2008), s. 24
|x 0139-8768
|
| 852 |
|
|
|a SNK
|b KIS3GCP
|
| 958 |
|
|
|a NT
|
| 958 |
|
|
|a SK
|
| 999 |
|
|
|c 1722706
|d 1724636
|